<?xml version="1.0" encoding="UTF-8"?>
<record
    xmlns:xsi="http://www.w3.org/2001/XMLSchema-instance"
    xsi:schemaLocation="http://www.loc.gov/MARC21/slim http://www.loc.gov/standards/marcxml/schema/MARC21slim.xsd"
    xmlns="http://www.loc.gov/MARC21/slim">

  <leader>01182cam a22002771  4500</leader>
  <controlfield tag="001">13141</controlfield>
  <controlfield tag="003">BD-RjUL</controlfield>
  <controlfield tag="005">20211208235419.0</controlfield>
  <controlfield tag="008">140130r19461944enk           000 0 eng</controlfield>
  <datafield tag="035" ind1=" " ind2=" ">
    <subfield code="a">(BD-RjUL)13192</subfield>
  </datafield>
  <datafield tag="040" ind1=" " ind2=" ">
    <subfield code="a">DLC</subfield>
    <subfield code="c">BD-RjUL</subfield>
    <subfield code="d">BD-RjUL</subfield>
    <subfield code="b">eng</subfield>
  </datafield>
  <datafield tag="041" ind1=" " ind2=" ">
    <subfield code="a">eng</subfield>
  </datafield>
  <datafield tag="082" ind1=" " ind2=" ">
    <subfield code="a">615.951</subfield>
    <subfield code="b">STM 1946</subfield>
  </datafield>
  <datafield tag="100" ind1="1" ind2=" ">
    <subfield code="a">Stokes, John H.</subfield>
    <subfield code="q">(John Hinchman),</subfield>
    <subfield code="d">1885-1961.</subfield>
    <subfield code="9">40939</subfield>
  </datafield>
  <datafield tag="245" ind1="1" ind2="0">
    <subfield code="a">Modern clinical syphilology;</subfield>
    <subfield code="b">diagnosis, treatment, case study,</subfield>
    <subfield code="c">by John H. Stokes ... Herman Beerman ... [and] Norman R. Ingraham, jr. ... Associates in the present edition: Elizabeth R. Constant, M. D., John W. Lentz, M. D., James A. McGuire, M. D. [and others]</subfield>
  </datafield>
  <datafield tag="250" ind1=" " ind2=" ">
    <subfield code="a">3d ed., reset with 911 illustrations and text figures.</subfield>
  </datafield>
  <datafield tag="260" ind1=" " ind2=" ">
    <subfield code="a">Philadelphia,</subfield>
    <subfield code="a">London,</subfield>
    <subfield code="b">W. B. Saunders company,</subfield>
    <subfield code="c">1944.[reprinted 1945, 1946]</subfield>
  </datafield>
  <datafield tag="300" ind1=" " ind2=" ">
    <subfield code="a">vii, 1332 p.</subfield>
    <subfield code="b">illus., diagrs.</subfield>
    <subfield code="c">25 cm.</subfield>
  </datafield>
  <datafield tag="504" ind1=" " ind2=" ">
    <subfield code="a">Bibliography at end of chapter III.</subfield>
  </datafield>
  <datafield tag="650" ind1=" " ind2="0">
    <subfield code="a">Syphilis.</subfield>
    <subfield code="9">40940</subfield>
  </datafield>
  <datafield tag="700" ind1="1" ind2=" ">
    <subfield code="a">Beerman, Herman,</subfield>
    <subfield code="d">1901-</subfield>
    <subfield code="e">joint author.</subfield>
    <subfield code="9">40941</subfield>
  </datafield>
  <datafield tag="700" ind1="1" ind2=" ">
    <subfield code="a">Ingraham, Norman R.</subfield>
    <subfield code="q">(Norman Reeh),</subfield>
    <subfield code="d">1909-</subfield>
    <subfield code="e">joint author.</subfield>
    <subfield code="9">40942</subfield>
  </datafield>
  <datafield tag="942" ind1=" " ind2=" ">
    <subfield code="2">ddc</subfield>
    <subfield code="c">BK</subfield>
  </datafield>
  <datafield tag="999" ind1=" " ind2=" ">
    <subfield code="c">13141</subfield>
    <subfield code="d">13141</subfield>
  </datafield>
  <datafield tag="952" ind1=" " ind2=" ">
    <subfield code="0">0</subfield>
    <subfield code="1">0</subfield>
    <subfield code="2">ddc</subfield>
    <subfield code="4">0</subfield>
    <subfield code="7">1</subfield>
    <subfield code="8">NFIC</subfield>
    <subfield code="a">RUCL</subfield>
    <subfield code="b">RUCL</subfield>
    <subfield code="c">Reading</subfield>
    <subfield code="d">1958-02-18</subfield>
    <subfield code="e">U.S.I.S. Dacca</subfield>
    <subfield code="l">0</subfield>
    <subfield code="o">615.951 STM 1946</subfield>
    <subfield code="r">2014-01-30 00:00:00</subfield>
    <subfield code="t">C-1</subfield>
    <subfield code="w">2014-01-30</subfield>
    <subfield code="y">BK</subfield>
  </datafield>
</record>
